000 00684nam a2200181 i 4500
001 28321
003 ES-MaACL
005 20230906153830.0
007 t|
008 030117s1967 sp ||||1| spa d
100 1 _aBañales Baranda, Ramiro.
_925224
245 1 0 _aAnálisis y casos prácticos del impuesto general sobre la renta de las personas físicas /
_cpor Ramiro Bañales ; prólogo por Manuel Conde Bandres.
260 _aMadrid :
_bIbérico Europea,
_c[1967]
300 _a191 p. ;
_c22 cm.
650 0 4 _aImpuesto sobre la renta de las personas físicas-
_zEspaña-
_xLegislación.
_913628
700 0 _aConde Bandrés, Manuel.
_940110
852 _aES-MaACL
_jC-33043
_bR.63698
999 _c28321
_d28321